Jan Lighart [! Ligthart] negyedszázados emlékezete

Elmentve itt :
Bibliográfiai részletek
Szerző: Kemény Gábor
Dokumentumtípus: Cikk
Megjelent: 1941
Sorozat:Nevelésügyi szemle 5 No. 1-2
Kulcsszavak:Jan Ligthart, Pedagógia - Hollandia - 19-20. sz.
Online Access:http://acta.bibl.u-szeged.hu/53323
LEADER 00622nab a2200169 i 4500
001 acta53323
005 20260224081030.0
008 180327s1941 hu o 000 hun d
040 |a SZTE Egyetemi Kiadványok Repozitórium  |b hun 
041 |a hun 
100 1 |a Kemény Gábor 
245 1 0 |a Jan Lighart [! Ligthart] negyedszázados emlékezete  |h [elektronikus dokumentum] /  |c  Kemény Gábor 
260 |c 1941 
300 |a 42-43 
490 0 |a Nevelésügyi szemle  |v 5 No. 1-2 
695 |a Jan Ligthart, Pedagógia - Hollandia - 19-20. sz. 
856 4 0 |u http://acta.bibl.u-szeged.hu/53323/1/nev_szem_005_001_002_042-043.pdf  |z Dokumentum-elérés